RENDERING WITH PEN AND INK (Record no. 859343)

MARC details
000 -LEADER
fixed length control field 00312nam a2200121Ia 4500
008 - FIXED-LENGTH DATA ELEMENTS--GENERAL INFORMATION
fixed length control field 230822s2015 xx 000 0 und d
020 ## - INTERNATIONAL STANDARD BOOK NUMBER
International Standard Book Number 978-81-8371-663-5
041 ## - LANGUAGE CODE
Language code of text/sound track or separate title eng
100 ## - MAIN ENTRY--PERSONAL NAME
Personal name GILL R.W.
245 ## - TITLE STATEMENT
Title RENDERING WITH PEN AND INK
260 ## - PUBLICATION, DISTRIBUTION, ETC.
Name of publisher, distributor, etc. AFFILIATED EAST-WEST PRESS PVT. LTD.
Date of publication, distribution, etc. 2015
300 ## - PHYSICAL DESCRIPTION
Extent 300

No items available.